000 00429cam a2200181ua 4500
001 10156
008 170817n ii |||gr||||Z||||||asm
040 _cMAIN
041 _aasm
082 _a891.451
100 _aGogoi, Prabin,
_eAuthor.
245 _aBicitra darpan
_cBy Prabin Gogoi
250 _a1st ed.
260 _aNaharkatia:
_bChitralekha prakashan,
_c1996.
300 _a87p.
653 _aAssamese prose
942 _cBK
999 _c9154
_d9154